Physiotherapy for Respiratory and Cardiac Problems (Record no. 1851)
[ view plain ]
| 000 -LEADER | |
|---|---|
| fixed length control field | 00659nam a22002177a 4500 |
| 003 - CONTROL NUMBER IDENTIFIER | |
| control field | OSt |
| 005 - DATE AND TIME OF LATEST TRANSACTION | |
| control field | 20180314142205.0 |
| 008 - FIXED-LENGTH DATA ELEMENTS--GENERAL INFORMATION | |
| fixed length control field | 141111b xxu||||| |||| 00| 0 eng d |
| 020 ## - INTERNATIONAL STANDARD BOOK NUMBER | |
| International Standard Book Number | 0443058415 |
| 040 ## - CATALOGING SOURCE | |
| Transcribing agency | DNLM |
| 082 ## - DEWEY DECIMAL CLASSIFICATION NUMBER | |
| Classification number | WF 145 P53 1998 |
| 100 ## - MAIN ENTRY--PERSONAL NAME | |
| Personal name | Edited by Pryor A. Jennifer; Prasad S. Ammani |
| 9 (RLIN) | 12523 |
| 245 ## - TITLE STATEMENT | |
| Title | Physiotherapy for Respiratory and Cardiac Problems |
| 250 ## - EDITION STATEMENT | |
| Edition statement | 2nd ed. |
| 260 ## - PUBLICATION, DISTRIBUTION, ETC. (IMPRINT) | |
| Place of publication, distribution, etc. | London; |
| Name of publisher, distributor, etc. | Churchil livingstone, |
| Date of publication, distribution, etc. | 1998. |
| 300 ## - PHYSICAL DESCRIPTION | |
| Extent | viii, 524 p : |
| Other physical details | ill ; |
| Dimensions | 27 cm |
| 504 ## - BIBLIOGRAPHY, ETC. NOTE | |
| Bibliography, etc | Includes Bibliographical references and Index. |
| 650 ## - SUBJECT ADDED ENTRY--TOPICAL TERM | |
| Topical term or geographic name as entry element | Physiotherapy. |
| 9 (RLIN) | 1959 |
| 650 ## - SUBJECT ADDED ENTRY--TOPICAL TERM | |
| Topical term or geographic name as entry element | Cardiovascular system |
| 9 (RLIN) | 5636 |
| 942 ## - ADDED ENTRY ELEMENTS (KOHA) | |
| Source of classification or shelving scheme | Other/Generic Classification Scheme |
| Koha item type | Short Loan |
| Withdrawn status | Lost status | Source of classification or shelving scheme | Damaged status | Not for loan | Home library | Current library | Date acquired | Source of acquisition | Inventory number | Total Checkouts | Full call number | Barcode | Date last seen | Koha item type | Price effective from |
|---|---|---|---|---|---|---|---|---|---|---|---|---|---|---|---|
| Other/Generic Classification Scheme | MUST Main Library | MUST Main Library | 22/05/2015 | 03/18311 | WF 145 P53 1998 | 2015-1559 | 22/05/2015 | Short Loan | |||||||
| Other/Generic Classification Scheme | MUST Main Library | MUST Main Library | 02/10/2023 | Donation | 05/23082 | WF 145 P53 1998 | 2023-0536 | 02/10/2023 | Open Shelf | 02/10/2023 |
